Statistiken für Alle Gegner der DFB-Nationalelf 2019

Klicken Sie hier um das Quiz zu spielen!

Allgemein

  • Dieses Quiz wurde 20 mal gespielt
  • Das Durchschnittsergebnis liegt bei 4 aus 6

Antwortstatistiken

Antwort% Korrekt
Niederlande
89%
Nordirland
84%
Estland
68%
Serbien
68%
Argentinien
53%
Belarus
47%

Verteilung der Resultate

Perzentil nach korrekt beantworteten Fragen

Anzahl Personen mit jedem Resultat

Ihre Resultats-Entwicklung

Sie haben dieses Quiz noch nicht gespielt